书目信息 |
| 题名: |
生物信息学与功能基因组学
|
|
| 作者: | 佩夫斯纳 , Pevsner 著 ;孙之荣 主译 | |
| 分册: | ||
| 出版信息: | 北京 化学工业出版社 2006 |
|
| 页数: | 706页 | |
| 开本: | 26cm | |
| 丛书名: | ||
| 单 册: | ||
| 中图分类: | Q811.4 | |
| 科图分类: | ||
| 主题词: | 生物信息论--研究 , 基因组--研究 , 生物信息论 , 基因组 | |
| 电子资源: | ||
| ISBN: | 7-5025-8383-1 | |
| 000 | 01249nam0 2200313 450 | |
| 001 | 012007042168 | |
| 005 | 20070523091708.81 | |
| 010 | @a7-5025-8383-1@dCNY95.00 | |
| 100 | @a20070515d2006 km y0chiy0120 ea | |
| 101 | 1 | @achi@ceng |
| 102 | @aCN@b110000 | |
| 105 | @aa z 001yy | |
| 106 | @ar | |
| 200 | 1 | @a生物信息学与功能基因组学@Asheng wu xin xi xue yu gong neng ji yin zu xue@f(美)乔纳森·佩夫斯纳(Jonathan Pevsner)著@F(mei)qiao na sen·pei fu si na(Jonathan Pevsner)zhu@g孙之荣主译@Gsun zhi rong zhu yi |
| 210 | @a北京@c化学工业出版社@d2006 | |
| 215 | @a706页@c图@d26cm | |
| 300 | @a国外优秀科技著作出版专项基金资助 | |
| 330 | @a本书将生物信息学与功能基因组学结合在一起讲述,更清楚地描述了功能基因组时代生物信息学的新发展。介绍了当前WEB数据库中的DNA、RNA和蛋白质,在基因层次上对蛋白质和RNA进行了详细分析、对多个具体的已经测序。 | |
| 510 | 1 | @aBioinformatics and functional genomics@zeng |
| 606 | 0 | @a生物信息论@x研究 |
| 606 | 0 | @a基因组@x研究 |
| 606 | 0 | @a生物信息论 |
| 606 | 0 | @a基因组 |
| 690 | @aQ811.4@v4 | |
| 701 | 1 | @c(美)@a佩夫斯纳@Apei fu si na@b乔纳森@4著 |
| 701 | 1 | @c(美)@aPevsner@bJonathan@4著 |
| 702 | 0 | @a孙之荣@Asun zhi rong@f(1947~)@4主译 |
| 801 | 0 | @aCN@bRULIN@c20070523 |
| 905 | @dQ811.4@e103@s8 | |
| 生物信息学与功能基因组学/(美)乔纳森·佩夫斯纳(Jonathan Pevsner)著/孙之荣主译.-北京:化学工业出版社,2006 |
| 706页:图;26cm |
| 国外优秀科技著作出版专项基金资助 |
| ISBN 7-5025-8383-1:CNY95.00 |
| 本书将生物信息学与功能基因组学结合在一起讲述,更清楚地描述了功能基因组时代生物信息学的新发展。介绍了当前WEB数据库中的DNA、RNA和蛋白质,在基因层次上对蛋白质和RNA进行了详细分析、对多个具体的已经测序。 |
| ● |
| 相关链接 |
|
|
|
|
正题名:生物信息学与功能基因组学
索取号:Q811.4/103
 
预约/预借
| 序号 | 登录号 | 条形码 | 馆藏地/架位号 | 状态 | 备注 |
| 1 | 0576792 | 205767927 | 第二样本阅览室/ [索取号:Q811.4/103] | 在馆 | |
| 2 | 0576793 | 205767936 | 密集书库/ [索取号:Q811.4/103] | 在馆 | |
| 3 | 0576794 | 205767945 | 第三借阅区/ [索取号:Q811.4/103] | 在馆 | |
| 4 | 0576795 | 205767954 | 第三借阅区/ [索取号:Q811.4/103] | 在馆 | |
| 5 | 0576796 | 205767963 | 密集书库/ [索取号:Q811.4/103] | 在馆 | |
| 6 | 0576797 | 205767972 | 第三借阅区/ [索取号:Q811.4/103] | 在馆 | |
| 7 | 0576798 | 205767981 | 第三借阅区/ [索取号:Q811.4/103] | 在馆 | |
| 8 | 0576799 | 205767990 | 密集书库/ [索取号:Q811.4/103] | 在馆 |